000 00429nam a2200145Ia 4500
008 230917s9999||||xx |||||||||||||| ||und||
040 _e63901
_aMAIN
041 _aEnglish
082 _a381.180954 H24P
100 _aHarriss- White, Barbara
245 2 _aA political economy of agricultural markets in South India: masters of the country side
260 _aNew Delhi
_bSage Publications
_c1996
300 _a425 p.
942 _cBK
999 _c96105
_d96105